000366780 001__ 366780
000366780 005__ 20260413234452.0
000366780 0247_ $$2doi$$a10.1364/ASSL.2025.AM4A.3
000366780 037__ $$aGSI-2026-00569
000366780 1001_ $$0P:(DE-HGF)0$$aJiang, Yujiao$$b0$$eCorresponding author
000366780 1112_ $$aAdvanced Solid State Lasers$$cPrague$$d2025-10-19 - 2025-10-23$$wCzech Republic
000366780 245__ $$aBurst-Mode, Ultra-Short, Tunable UV-VIS Pump-Probe Laser for FLASH Free Electron Laser
000366780 260__ $$bOptica Publishing Group Washington, D.C.$$c2025
000366780 29510 $$aOptica Laser Congress Congress 2025 : [Proceedings] - Optica Publishing Group Washington, D.C., 2025. - ISBN 978-1-957171-53-1 - doi:10.1364/ASSL.2025.AM4A.3
000366780 3367_ $$2ORCID$$aCONFERENCE_PAPER
000366780 3367_ $$033$$2EndNote$$aConference Paper
000366780 3367_ $$2BibTeX$$aINPROCEEDINGS
000366780 3367_ $$2DRIVER$$aconferenceObject
000366780 3367_ $$2DataCite$$aOutput Types/Conference Paper
000366780 3367_ $$0PUB:(DE-HGF)8$$2PUB:(DE-HGF)$$aContribution to a conference proceedings$$bcontrib$$mcontrib$$s1776062575_1358464
000366780 3367_ $$0PUB:(DE-HGF)7$$2PUB:(DE-HGF)$$aContribution to a book$$mcontb
000366780 536__ $$0G:(DE-HGF)POF4-631$$a631 - Matter – Dynamics, Mechanisms and Control (POF4-631)$$cPOF4-631$$fPOF IV$$x0
000366780 588__ $$aDataset connected to CrossRef Conference
000366780 693__ $$0EXP:(DE-Ds200)External_experiment-20200803$$1EXP:(DE-Ds200)other-20200803$$5EXP:(DE-Ds200)External_experiment-20200803$$aother$$eExternal experiment at external facility/ no experiment at GSI (other)$$x0
000366780 7001_ $$0P:(DE-HGF)0$$aNordmann, Joleik$$b1
000366780 7001_ $$0P:(DE-Ds200)OR12373$$aSeidel, Marcus$$b2
000366780 7001_ $$0P:(DE-HGF)0$$aAkcaalan, Oender$$b3
000366780 7001_ $$0P:(DE-HGF)0$$aTajalli, Ayhan$$b4
000366780 7001_ $$0P:(DE-HGF)0$$aRashtabadi, Hamid$$b5
000366780 7001_ $$0P:(DE-HGF)0$$aMullins, Terry$$b6
000366780 7001_ $$0P:(DE-HGF)0$$aBrahms, Christian$$b7
000366780 7001_ $$0P:(DE-HGF)0$$aTravers, John C.$$b8
000366780 7001_ $$0P:(DE-HGF)0$$aHartl, Ingmar$$b9
000366780 7001_ $$0P:(DE-HGF)0$$aÇankaya, Hüseyin$$b10
000366780 773__ $$a10.1364/ASSL.2025.AM4A.3
000366780 909CO $$ooai:repository.gsi.de:366780$$pVDB
000366780 9101_ $$0I:(DE-Ds200)20121206GSI$$6P:(DE-Ds200)OR12373$$aGSI Helmholtzzentrum für Schwerionenforschung GmbH$$b2$$kGSI
000366780 9101_ $$0I:(DE-Ds200)Ext-HIJ$$6P:(DE-Ds200)OR12373$$aExternal Helmholtz Institute: HIJ$$b2$$kHIJ
000366780 9131_ $$0G:(DE-HGF)POF4-631$$1G:(DE-HGF)POF4-630$$2G:(DE-HGF)POF4-600$$3G:(DE-HGF)POF4$$4G:(DE-HGF)POF$$aDE-HGF$$bForschungsbereich Materie$$lVon Materie zu Materialien und Leben$$vMatter – Dynamics, Mechanisms and Control$$x0
000366780 9201_ $$0I:(DE-Ds200)JHL-20220701OR461$$kJHL$$lHIJ / HL$$x0
000366780 980__ $$acontrib
000366780 980__ $$aVDB
000366780 980__ $$acontb
000366780 980__ $$aI:(DE-Ds200)JHL-20220701OR461
000366780 980__ $$aUNRESTRICTED